000 01054nam a22002777a 4500
001 BD-DhSAU 8665
003 BD-DhSAU
005 20181218103311.0
008 150613b2016 bg a|||| m||| 00| 0 eng d
040 _aBD-DhSAU
082 _222
_a595.7
_bM839
100 _a Morsed , Md. Anwar
_4Registration No. # 07-02421
245 _aEffect of Sugar syrup on Bee health /
_c Morsed , Md. Anwar
_bMs Thesis
260 _aSher-e-Bangla Agricultural University :
_bDepartment of Entomology,
_c2016.
300 _avii, 29p. :
_bill. ;
_c30 cm.
500 _aMS thesis of Department of Entomology, Faculty of Agriculture, Sher-e-Bangla Agricultural University, Dhaka, Bangladesh
504 _aIncludes bibliographical references.
590 _aShofi
650 _aEntomology
650 _a Sugar syrup
650 _aBee health
700 _a Hossain , Mohammed Sakhawat
_eSuperviser
700 _a Latif , Md. Abdul
_eCo-superviser
856 _uhttp://archive.saulibrary.edu.bd:8080/xmlui/handle/123456789/1636
_yOnline Access
942 _2ddc
_cTHESIS
999 _c14129
_d14128